000 00324nam a22001337a 4500
008 181206b xxu||||| |||| 00| 0 eng d
020 _a9780534162191
041 _aeng
080 _a541
100 _a12
101 _aKIM
245 _aStudy Guide and Solutions Manual for Organic Chemistry
_cMurry,S.M
942 _2udc
_cBK
999 _c52923
_d52923